Dibujos animados de los 2000 - Estadísticas

Estadísticas generales
  • Esta prueba ha sido intentada 254 veces
  • La puntuación promedio es 10 de 20
Estadísticas de respuestas
Imagen Respuesta % Correcto
SpongeBob SquarePants
100%
The Spectacular Spider-Man
97%
Phineas y Ferb
96%
Ben 10
87%
The Fairly OddParents
82%
The Adventures of Jimmy Neutron, Boy Genius
73%
Avatar: The Last Airbender
65%
Teen Titans
61%
Pucca
44%
The Grim Adventures of Billy & Mandy
44%
Ed, Edd n Eddy
38%
Danny Phantom
29%
Brandy & Mr. Whiskers
28%
Samurai Jack
27%
Codename: Kids Next Door
23%
Star Wars: Clone Wars
22%
¡Mucha lucha!
20%
The Replacements
13%
Camp Lazlo
9%
Yin Yang Yo!
8%
No se encontraron pruebas coincidentes
Distribución de puntuación
Porcentaje de gente con cada puntuación
Porcentaje por número respondido
Historial de tus puntuaciones
No has intentado esta prueba.